| 000 | 00758nam a2200229 a 4500 | ||
|---|---|---|---|
| 005 | 20220914063741.0 | ||
| 008 | 991125s1986 es 000 0 spa u | ||
| 020 | _a8427706421 | ||
| 035 | _aUPN01000009000 | ||
| 049 | _aCG | ||
| 050 | 4 |
_aLB1167 P7 _bC8.2 1986 |
|
| 100 | 1 |
_aCuenca Esteban, Faustino _942022 |
|
| 245 | 1 | 0 |
_aCómo desarrollar la psicomotricidad en el niño : _bejercicios prácticos para padres y educadores, en preescolar y educación especial / _cFaustino Cuenca, Florentino Rodao. |
| 250 | _a2a ed. | ||
| 260 |
_aMadrid : _bNarcea, _c1986. |
||
| 300 | _a110 p. | ||
| 440 | 0 | _aPadres | |
| 650 | 7 |
_aEducación psicomotriz _2 _95394 |
|
| 650 | 4 |
_aNIÑOS - _xDESARROLLO PSICOMOTRIZ |
|
| 700 | 1 |
_aRodao, Florentino, _ecoaut. |
|
| 905 | _aLibro | ||
| 999 |
_c9000 _d9000 |
||